| 000 | 01012nam a22002657a 4500 | ||
|---|---|---|---|
| 005 | 20110217112445.0 | ||
| 008 | 110217t xxu||||| |||| 00| 0 eng d | ||
| 010 | _aENG-102020 | ||
| 020 |
_a9780198070907 _c295.00 |
||
| 020 |
_a0198071906 _c295.00 |
||
| 035 | _aEN-85553 | ||
| 037 | _bDBAD/PUB | ||
| 040 |
_adpl _bEng |
||
| 082 | _a780.9548 | ||
| 100 |
_aSubramanian, Lakshmi _926021 |
||
| 245 |
_aFrom the Tanjore court to the Madras Music Academy : _ba social history of music in South India / _cby Lakshmi Subramanian |
||
| 250 | _a2nd ed | ||
| 260 |
_aNew Delhi _bOxford University Press _c2011 |
||
| 270 |
_aYMCA Library Building, Jai Singh Road _bNew Delhi _e110001 |
||
| 300 |
_axx,196p. : _bill. _c23cm (pbk) |
||
| 500 | _aIncludes bibliographical references and index | ||
| 700 | _926019 | ||
| 942 |
_2ddc _cEN _h780.9548 _mSUB |
||
| 999 |
_c50589 _d50589 |
||